Smäd

Podrobná bibliografia
Hlavný autor: Karika, Jozef, 1978- (Autor)
Médium: Kniha
Jazyk:slovenčina
PhysicalDescription:215 strán 20 cm
Vydavateľské údaje: Bratislava Ikar 2021
ISBN:9788055180830
Vydanie:Prvé vydanie
Predmet:

MARC

LEADER 00000cam a2200000 4500
001 vtls012075448
003 SK-MaSNL
005 20260302062019.0
008 211028s2021 xo gr 000 f slo
015 |a SNBA2022/03 
020 |a 9788055180830  |q (viazané) 
040 |a SNK  |b slo  |c SNK  |e rda 
041 0 |a slo 
044 |a xo  |c SK 
072 7 |a 821.162.4-3  |x Slovenská próza  |2 konspekt 
080 |a 821.162.4-31  |2 2011 
080 |a (0:82-312.4)  |2 2011 
100 1 |a Karika, Jozef,  |d 1978-  |4 aut  |9 100728 
245 1 0 |a Smäd  |c Jozef Karika 
250 |a Prvé vydanie 
264 1 |a Bratislava  |b Ikar  |c 2021 
300 |a 215 strán  |c 20 cm 
336 |a text  |b txt  |2 rdacontent 
337 |a bez média  |b n  |2 rdamedia 
338 |a zväzok  |b nc  |2 rdacarrier 
500 |a Titul vychádza ako dvojkniha Hlad/Smäd. Každá samostatne. 
655 7 |a slovenské romány  |2 SNKPH  |9 70324 
655 7 |a detektívne romány  |2 SNKPH  |9 70455 
655 7 |a Slovak fiction  |2 SNKPHeng  |9 277096 
655 7 |a Detective novels  |2 SNKPHeng  |9 121444 
919 |a 978-80-551-8083-0 
958 |a LX 
999 |c 1127635  |d 1129565 
952 |a SNK  |b SNK  |y PREZ  |7 0  |p 17A1469866  |o snkSC 195531  |i snk2021/19049  |8 0  |0 0  |1 0  |4 0  |d 2021-11-24  |f 1  |l 0  |r 2025-10-15 00:00:00  |w 2026-02-24 
952 |a SNK  |b SNK  |y PREZ  |7 0  |p 17A1469867  |o snkSC 195531 D1  |i snk2021/19050  |8 0  |0 0  |1 0  |4 0  |d 2021-11-24  |l 0  |r 2026-02-24 18:51:25  |w 2026-02-24